000 00783nam a2200289Ia 4500
001 67260
003 IT-RoPAU
008 130308s9999 xx 000 0 und d
040 _aIT-RoPAU
040 _cIT-RoPAU
041 _aITALIANO
100 _aTerracini Benvenuto
100 _gCodice Aut. SPICS: 797
245 _aStilistica al bivio?-Storicismo versus struttura lismo
245 _bStrumenti Critici-5-Febbraio 1968
250 _a1a ed.
260 _aTORINO
260 _bEinaudi
260 _c1968 [1° Ed.:1968 - Ed.Ling.Originale:1968]
300 _a"37 p. (prefazione: no ; testo: 37 [pagine: 1-37])"
650 _aOPERE varie DI CULTURA GENERALE
650 _eCodice materia Spics: 1002
942 _cBK
957 _71
999 _c38510
_d38510
999 _bSI
999 _g1